00703nam a2200217 a 4500008004100000020002900041040001500070100002700085245009200112260003700204300006300241336002600304337002800330338002700358500002000385650001600405650002200421650002400443003000100467005001700468  a9781781253731 (hardback) aNUSTcNUST1 aBevan, Judi.,aauthor.10aBringing business to Oxford :bthe story behind the SAID business school/c Judi Bevan. aLondon :bProfile Books, c2015. axvi, 176 pages :billustrations (chiefly colour) ;c23 cm. atextbtxt2rdacontent aunmediatedbn2rdamedia avolumebnc2rdacarrier aIncludes index. aLeadership. aBusiness schools. aBusiness education.20230123141236.0